Contemporary engineering economics / (Record no. 355361)

000 -LEADER
fixed length control field 00821cam a2200289 a 4500
001 - CONTROL NUMBER
control field 16678759
003 - CONTROL NUMBER IDENTIFIER
control field Nust- CAS-E
005 - DATE AND TIME OF LATEST TRANSACTION
control field 20180118181359.0
008 - FIXED-LENGTH DATA ELEMENTS--GENERAL INFORMATION
fixed length control field 110304s2011 maua 001 0 eng
010 ## - LIBRARY OF CONGRESS CONTROL NUMBER
LC control number 2011288011
020 ## - INTERNATIONAL STANDARD BOOK NUMBER
International Standard Book Number 9780136118480
020 ## - INTERNATIONAL STANDARD BOOK NUMBER
International Standard Book Number 0136118488
040 ## - CATALOGING SOURCE
Original cataloging agency DLC
Transcribing agency DLC
042 ## - AUTHENTICATION CODE
Authentication code pcc
050 00 - LIBRARY OF CONGRESS CALL NUMBER
Classification number TA177.4
Item number .P369 2011
082 ## - DEWEY DECIMAL CLASSIFICATION NUMBER
Classification number 658.15
Author Mark PAR 2011
100 1# - MAIN ENTRY--PERSONAL NAME
Personal name Park, Chan S.
245 10 - TITLE STATEMENT
Title Contemporary engineering economics /
Statement of responsibility, etc. Chan S. Park.
250 ## - EDITION STATEMENT
Edition statement 5th ed.
260 ## - PUBLICATION, DISTRIBUTION, ETC.
Place of publication, distribution, etc. Boston :
Name of publisher, distributor, etc. Prentice Hall,
Date of publication, distribution, etc. c2011.
300 ## - PHYSICAL DESCRIPTION
Extent xxiv, 936 p. :
Other physical details ill. ;
Dimensions 25 cm.
500 ## - GENERAL NOTE
General note Includes index.
650 #0 - SUBJECT ADDED ENTRY--TOPICAL TERM
Topical term or geographic name entry element Engineering economy.
906 ## - LOCAL DATA ELEMENT F, LDF (RLIN)
a 7
b cbc
c origcop
d 2
e ncip
f 20
g y-gencatlg
942 ## - ADDED ENTRY ELEMENTS (KOHA)
Source of classification or shelving scheme
Koha item type Book
Holdings
Withdrawn status Lost status Source of classification or shelving scheme Damaged status Not for loan Collection code Permanent Location Current Location Shelving location Date acquired Source of acquisition Cost, normal purchase price Total Checkouts Total Renewals Full call number Barcode Date last seen Date last checked out Price effective from Koha item type Copy number
            US-Pakistan Center for Advanced Studies in Energy (USPCAS-E) US-Pakistan Center for Advanced Studies in Energy (USPCAS-E) General Stacks 04/22/2013 Victoria co 22622.00 4 2 658.15 PAR-C 2011 CAS-E0000254 01/22/2017 01/03/2017 04/29/2014 Book  
            US-Pakistan Center for Advanced Studies in Energy (USPCAS-E) US-Pakistan Center for Advanced Studies in Energy (USPCAS-E)   11/03/2015 Multiline Books 23685.00 2 1 658.15 PAR-C 2011 CAS-E0000688 12/29/2016 12/29/2016 11/03/2015 Book 2
            US-Pakistan Center for Advanced Studies in Energy (USPCAS-E) US-Pakistan Center for Advanced Studies in Energy (USPCAS-E)   11/03/2015 Multiline Books 23685.00 2   658.15 PAR-C 2011 CAS-E0000689 12/19/2016 11/29/2016 11/03/2015 Book 3
            US-Pakistan Center for Advanced Studies in Energy (USPCAS-E) US-Pakistan Center for Advanced Studies in Energy (USPCAS-E)   11/03/2015 Multiline Books 23685.00 3 2 658.15 PAR-C 2011 CAS-E0000690 01/23/2017 11/29/2016 11/03/2015 Book 4
© 2023 Central Library, National University of Sciences and Technology. All Rights Reserved.